COMPUTER GRAPHICS FOR DESIGN , FROM ALGORITHMS TO AUTOCAD (Record no. 575409)

000 -LEADER
fixed length control field 00347nam a22001217a 4500
020 ## - INTERNATIONAL STANDARD BOOK NUMBER
International Standard Book Number 0-13-159583-0
082 ## - DEWEY DECIMAL CLASSIFICATION NUMBER
Classification number 620.0042 OLF'C
245 ## - TITLE STATEMENT
Title COMPUTER GRAPHICS FOR DESIGN , FROM ALGORITHMS TO AUTOCAD
260 ## - PUBLICATION, DISTRIBUTION, ETC.
Place of publication, distribution, etc. NEWJERSCY
Name of publisher, distributor, etc. PRENTICE HALL
Date of publication, distribution, etc. 1995
300 ## - PHYSICAL DESCRIPTION
Extent XIV, 544P
650 ## - SUBJECT ADDED ENTRY--TOPICAL TERM
Topical term or geographic name entry element COMPUTER AIDED DESIGN COMPUTER GRAPHICS
9 (RLIN) 67691
942 ## - ADDED ENTRY ELEMENTS (KOHA)
Koha item type Book
Holdings
Withdrawn status Lost status Source of classification or shelving scheme Damaged status Not for loan Permanent Location Current Location Shelving location Date acquired Full call number Barcode Date last seen Price effective from Koha item type Public note
          College of Electrical & Mechanical Engineering (CEME) College of Electrical & Mechanical Engineering (CEME) General Stacks 08/01/2017 620.0042 OLF'C CEME-29227 06/28/2021 06/28/2021 Book 4.1
© 2023 Central Library, National University of Sciences and Technology. All Rights Reserved.